Mengenal malaikat

Bibliographic Details
Main Author: Munir Ali
Format: Book
Published: Selangor : Sutrapadu , 2006
Series:Siri tauhid
Subjects:

MARC

LEADER 00000cam a2200000 7i4500
001 0000007372
005 20151222.0
008 070829
020 |a 9679352641(siri) 
020 |a 9679352692 
090 0 0 |a JF   |b REG MAL (8122) 
100 0 |a Munir Ali 
245 1 0 |a Mengenal malaikat   |c Munir Ali 
260 |a Selangor :   |b Sutrapadu ,   |c 2006 
440 0 |a Siri tauhid 
500 |a Children ages 7-9 years old (orange) 
650 0 |a Islamic stories, Malay 
650 0 |a Junior fiction   |x Malay   |x Languages 
999 |a 0000938683   |b Book   |c Children Collection   |e Cawangan Tangkak 
999 |a 0000938684   |b Book   |c Children Collection   |e Cawangan Tangkak 
999 |a 0000938685   |b Book   |c Children Collection   |e Cawangan Tangkak 
999 |a 0000938686   |b Book   |c Children Collection   |e Cawangan Tangkak 
999 |a 0000938687   |b Book   |c Children Collection   |e Cawangan Tangkak 
999 |a 0000983658   |b Book   |c Children Collection   |e Cawangan Pontian 
999 |a 0000983659   |b Book   |c Children Collection   |e Cawangan Segamat 
999 |a 0000983660   |b Book   |c Children Collection   |e Perbadanan Perpustakaan Awam Johor 
999 |a 0000983661   |b Book   |c Children Collection   |e Cawangan Bandar Tenggara 
999 |a 0000983662   |b Book   |c Children Collection   |e Perbadanan Perpustakaan Awam Johor